ՀՀ Գիտությունների ազգային ակադեմիայի հիմնարար գիտական գրադարան  =   Fundamental Scientific Library of NAS RA

Հայաստան : (Record no. 168143)

MARC details
000 -LEADER
fixed length control field 00889nas a2200241 a 4500
001 - CONTROL NUMBER
control field 000461491
003 - CONTROL NUMBER IDENTIFIER
control field AM-YeHGA
005 - DATE AND TIME OF LATEST TRANSACTION
control field 20250618072517.0
008 - FIXED-LENGTH DATA ELEMENTS--GENERAL INFORMATION
fixed length control field 051102c19479999fr mrzp 0 0fre d
040 ## - CATALOGING SOURCE
Original cataloging agency AM-YeHGA
041 0# - LANGUAGE CODE
Language code of text/sound track or separate title fre
090 ## - LOCALLY ASSIGNED LC-TYPE CALL NUMBER (OCLC); LOCAL CALL NUMBER (RLIN)
-- 169573
245 00 - TITLE STATEMENT
Title Հայաստան :
Remainder of title ՀՅԴ Նոր Սերունդի պաշտօնաթերթ /
Statement of responsibility, etc. Հայ Յեղափոխական Դաշնակցութիւն.
260 1# - PUBLICATION, DISTRIBUTION, ETC.
Place of publication, distribution, etc. Paris :
Name of publisher, distributor, etc. Ա.հ.,
Date of publication, distribution, etc. 1947-.
300 ## - PHYSICAL DESCRIPTION
Extent համար :
Other physical details նկ. ;
Dimensions 23 cm.
310 ## - CURRENT PUBLICATION FREQUENCY
Current publication frequency Ամենամսյա
362 0# - DATES OF PUBLICATION AND/OR SEQUENTIAL DESIGNATION
Dates of publication and/or sequential designation # 1 (1947) -
650 04 - SUBJECT ADDED ENTRY--TOPICAL TERM
Topical term or geographic name entry element Ամսագիր
650 14 - SUBJECT ADDED ENTRY--TOPICAL TERM
Topical term or geographic name entry element Քաղաքականություն
Geographic subdivision Հայաստան
Form subdivision Պարբերականներ
650 14 - SUBJECT ADDED ENTRY--TOPICAL TERM
Topical term or geographic name entry element Սփյուռքահայ գաղթօջախներ
General subdivision Մշակույթ
Form subdivision Պարբերականներ
710 2# - ADDED ENTRY--CORPORATE NAME
Corporate name or jurisdiction name as entry element Հայ Յեղափոխական Դաշնակցութիւն
9 (RLIN) 4870
942 ## - ADDED ENTRY ELEMENTS (KOHA)
Source of classification or shelving scheme Universal Decimal Classification
Koha item type Շարունակական պաշար / Continuing Resource
Holdings
Withdrawn status Lost status Damaged status Not for loan Collection Home library Current library Date acquired Serial enumeration / chronology Total checkouts Full call number Barcode Date last seen Price effective from Koha item type Public note
        General Fundamental Scientific Library Fundamental Scientific Library 28/12/2016 1993, № 558   АЖ 580 50-73531 28/12/2016 28/12/2016 Շարունակական պաշար / Continuing Resource 30 Days Loan
        General Fundamental Scientific Library Fundamental Scientific Library 28/12/2016 1994, № 560   АЖ 580 50-73533 28/12/2016 28/12/2016 Շարունակական պաշար / Continuing Resource 30 Days Loan
        General Fundamental Scientific Library Fundamental Scientific Library 28/12/2016 1994, № 561   АЖ 580 50-73536 28/12/2016 28/12/2016 Շարունակական պաշար / Continuing Resource 30 Days Loan
        General Fundamental Scientific Library Fundamental Scientific Library 28/12/2016 1992, № 548   АЖ 580 50-73603 28/12/2016 28/12/2016 Շարունակական պաշար / Continuing Resource 30 Days Loan


ՀՀ ԳԱԱ հիմնարար գիտական գրադարան
ՀՀ,Երևան 0019
Մարշալ Բաղրամյան 24/6
հեռախոս:(374-10) 52-47-50
Հետադարձ կապ

All site content, except where otherwise noted, is licensed under a
Creative Commons License